|
|
|
|
| LEADER |
01084nam a2200277 a 4500 |
| 001 |
23718 |
| 003 |
BD-DhAAL |
| 008 |
111017s1992 cau b 001 0 eng |
| 010 |
|
|
|a 92020794
|
| 020 |
|
|
|a 0803947232
|
| 020 |
|
|
|a 0803947240 (pbk.)
|
| 040 |
|
|
|a DLC
|c DLC
|d DLC
|d BD-DhAAL
|
| 082 |
0 |
0 |
|a 302.23089
|
| 245 |
0 |
0 |
|a Ethnic minority media :
|b an international perspective /
|c edited by Stephen Harold Riggens.
|
| 260 |
|
|
|a Newbury Park, Calif. :
|b Sage Publications,
|c 1992.
|
| 300 |
|
|
|a 298 pages ;
|c 23 cm.
|
| 490 |
1 |
|
|a Communication and human values
|
| 504 |
|
|
|a Includes bibliographical references and index.
|
| 541 |
|
|
|e 23718
|
| 650 |
|
0 |
|a Ethnic mass media.
|9 54788
|
| 700 |
1 |
|
|a Riggins, Stephen Harold,
|d 1946-
|9 54789
|
| 830 |
|
0 |
|a Communication and human values (Newbury Park, Calif.)
|9 54790
|
| 852 |
1 |
|
|a Ayesha Abed Library
|c General Stacks
|
| 942 |
|
|
|2 ddc
|c BK
|
| 999 |
|
|
|c 11330
|d 11330
|
| 952 |
|
|
|0 0
|1 0
|2 ddc
|4 0
|6 302_230890000000000_ETH
|7 0
|9 18423
|a BIGD
|b BIGD
|c GEN
|d 2011-10-18
|e BDI
|l 0
|o 302.23089 ETH
|p 3050023718
|r 2011-10-18
|t 1
|w 2011-10-18
|y BK
|x Transferred from BDI to BIGD.
|